00627nam a2200193 a 4500001000500000005001700005008004100022020001800063050001700081100002200098245010400120260004600224300003000270500001000300650001800310650003900328650004300367650002300410338620140414132037.0040601s19uu xx 00 eng d a0-374-38236-0 aTRbW21 1996 aTurner, Priscilla aWar between the vowels and the consonants (The) /cby Priscilla Turner; pictures by Whitney Turner. aNew York :bFarrar Strauss Giroux,c1996. a1 v. (unp.) : ill. ; cm. aTR/PS aWar--Fiction. aEnglish language--Vowels--Fiction. aEnglish language--Consonants--Fiction. aAlphabet--Fiction.